| 000 | 00855nam a2200241Ia 4500 | ||
|---|---|---|---|
| 003 | OSt | ||
| 005 | 20250708091753.0 | ||
| 008 | 210719s2008 xx 000 0 und d | ||
| 040 | _cAL | ||
| 041 | _akannada | ||
| 082 | _a641.5K CHAA | ||
| 100 |
_aCHANDRASHEKHARA (E P);NIRMALA (E P C) _9125247 _dಚಂದ್ರಶೇಖರ (ಎ ಪಿ) ನಿರ್ಮಲ (ಎ ಪಿ ಸಿ) |
||
| 245 |
_aAdugeya mulabhuta siddantagalu _bಅಡುಗೆಯ ಮೂಲಭೂತ ಸಿದ್ಧಾಂತಗಳು |
||
| 260 |
_aMaisuru _bIndraprastha Prakashan Pvt Ltd., _c2008 |
||
| 300 |
_ax,157 _bPB |
||
| 365 |
_b120 _cRs |
||
| 440 |
_aSavayava aduge indraprasthada koduge;2 _9125248 |
||
| 650 |
_aFood _9125249 |
||
| 650 |
_aPhilosophy of Cooking _9125255 |
||
| 650 |
_aHome Economics _9125250 |
||
| 906 | _aADugeya ; mUlabUta ; siddAntagaLu | ||
| 942 |
_2ddc _cBK |
||
| 999 |
_c215321 _d215321 |
||